|
|
|
|
| LEADER |
01727nam a2200325 a 4500 |
| 001 |
12232511 |
| 008 |
090804s2001 enkab b 101 0 eng d |
| 010 |
|
|
|a 00067028
|
| 020 |
|
|
|a 0415232414
|
| 040 |
|
|
|a DLC
|c DLC
|d C#P
|d UKM
|d DLC
|
| 082 |
0 |
0 |
|a 720/.483
|2 21
|
| 999 |
|
|
|c 3325
|d 3325
|
| 999 |
|
|
|c 3325
|
| 999 |
|
|
|c 3325
|
| 110 |
2 |
|
|a Council on Tall Buildings and Urban Habitat.
|b World Congress
|n (6th :
|d 2001 :
|c Melbourne, Australia)
|9 1069
|
| 245 |
1 |
0 |
|a Tall buildings and urban habitat :
|b cities in the third millennium : 6th World Congress of the Council on Tall Buildings and Urban Habitat, 26 February to 2 March, 2001 /
|c Council on Tall Buildings and Urban Habitat, Melbourne Organizing Committee.
|
| 260 |
|
|
|a London ;
|a New York :
|b Taylor & Francis,
|c 2001.
|
| 300 |
|
|
|a xx, 760 p. :
|b ill., maps ;
|c 25 cm. + 1 CD-ROM (4.75 in.)
|
| 500 |
|
|
|a "Council Report no. 903.503."
|
| 500 |
|
|
|a Papers from the Council on Tall buildings and Urban Habitat 6th World Congress: Cities in the Third Millennium, Melbourne, 2001.
|
| 504 |
|
|
|a Includes bibliographical references and indexes.
|
| 541 |
1 |
|
|e 00009077
|
| 650 |
|
0 |
|a Tall buildings
|v Congresses.
|9 1070
|
| 650 |
|
0 |
|a Skyscrapers
|v Congresses.
|9 1071
|
| 650 |
|
0 |
|a City planning
|v Congresses.
|9 1072
|
| 710 |
2 |
|
|a Council on Tall Buildings and Urban Habitat.
|9 1073
|
| 852 |
4 |
|
|a Ayesha Abed Library
|j General Shelf.
|
| 942 |
|
|
|2 ddc
|c BK
|
| 952 |
|
|
|0 0
|1 0
|2 ddc
|4 0
|6 720_483000000000000_TAL_2001
|7 0
|9 14500
|a BRACUL
|b BRACUL
|c GEN
|d 2011-03-01
|l 8
|m 38
|o 720.483 TAL
|p 3010009077
|r 2025-10-11
|s 2025-07-14
|t 1
|w 2011-03-01
|y BK
|
| 952 |
|
|
|0 0
|1 0
|2 ddc
|4 0
|6 720_483000000000000_TAL_2001
|7 0
|9 14501
|a BRACUL
|b BRACUL
|c AV
|d 2011-03-01
|l 0
|o 720.483 TAL
|p 4010009077
|r 2011-03-01
|t 1
|w 2011-03-01
|y AV
|